000 00755cam a2200229 a 4500
001 000018560
005 20200929165826.0
008 821208s1963 maua 001 0beng d
040 _aDO-SdBNP
_cCarP
_dDLC
_dBNPHU
082 _a925.940
_bC975C
100 1 _aCurie, Eve,
_d1904-2007.
_940140
240 1 0 _aMadame Curie
_lEnglish.
245 1 0 _aMadame Curie /
_cby Eve Curie ; translated by Vincent Sheean.
260 _aBoston :
_bHoughton Mifflin,
_c1963.
300 _axxv, 403 p. :
_bill. ;
_c22 cm.
490 1 _aRiverside literature
_v24
600 1 0 _aCURIE, MARIE,
_d1867-1934.
_940141
700 1 _aSheean, Vincent,
_d1899-1975,
_etr.
_940142
830 0 _aRiverside literature ;
_v24
_940143
910 _aCatalogación derivada / LC
049 _aBNGR
999 _c18080
_d18080